|
|
|
|
| LEADER |
00000nam a2200000Ii 4500 |
| 001 |
DIGEDUNAV0093 |
| 003 |
NyNyDIG0 |
| 006 |
m o d |
| 007 |
cr ||||||||||| |
| 008 |
220225s2016 sp ob 000 0 spa d |
| 035 |
|
|
|a (OCoLC)1319852629
|
| 040 |
|
|
|a DGITA
|b eng
|e rda
|e pn
|c DGITA
|
| 020 |
|
|
|z 9788431331078
|
| 050 |
1 |
4 |
|a AZ101 ebook
|
| 082 |
0 |
4 |
|a 378
|
| 100 |
1 |
|
|a Lorda, Juan Luis,
|e author.
|
| 245 |
1 |
3 |
|a La vida intelectual en la universidad :
|b fundamentos, experiencias y libros /
|c Juan Luis Lorda.
|
| 264 |
|
1 |
|a Pamplona :
|b EUNSA, Ediciones Universidad de Navarra,
|c [2016]
|
| 300 |
|
|
|a 1 online resource.
|
| 336 |
|
|
|a text
|2 rdacontent
|
| 337 |
|
|
|a computer
|b c
|2 rdamedia
|
| 338 |
|
|
|a online resource
|b cr
|2 rdacarrier
|
| 347 |
|
|
|a text file
|2 rdaft
|
| 347 |
|
|
|b PDF
|
| 490 |
1 |
|
|a Astrolabio. Serie Ciencias sociales
|
| 504 |
|
|
|a Includes bibliographical references.
|
| 588 |
0 |
|
|a Online resource; title from PDF title page (Digitalia, viewed February 25, 2022)
|
| 650 |
|
0 |
|a Universities and colleges.
|
| 650 |
|
0 |
|a Education
|x Philosophy.
|
| 650 |
|
0 |
|a Education, Higher.
|
| 650 |
|
0 |
|a Intellectual life.
|
| 650 |
|
0 |
|a Cultural competence.
|
| 655 |
|
0 |
|a Electronic books.
|
| 776 |
0 |
8 |
|i Print version:
|a Lorda, Juan Luis.
|t Vida intelectual en la universidad.
|d Pamplona : EUNSA, Ediciones Universidad de Navarra, [2016]
|z 9788431331078
|
| 791 |
2 |
|
|a Digitalia (Firm),
|e distributor.
|
| 793 |
0 |
|
|g Digitalia eBook Collection:
|a Ediciones Universidad de Navarra
|
| 830 |
|
0 |
|a Astrolabio (Pamplona, Spain).
|p Ciencias sociales.
|
| 856 |
4 |
0 |
|3 Digitalia Hispánica
|u https://www.digitaliapublishing.com/a/51405/
|
| 910 |
|
|
|a Premium Collection: 2022
|